000 00641nam a2200181Ia 4500
008 151202s9999||||xx |||||||||||||| ||und||
082 _bPNVM-40964
100 _aनसर्गेकर सुरेश.
245 _aअल्पमोली बहुगुणी.
260 _b"मनोरमा प्रकाशन, मुंबई."
260 _c0
300 _a184
600 _aनसर्गेकर सुरेश.
630 _aअल्पमोली बहुगुणी.
700 _aनसर्गेकर सुरेश.
730 _aअल्पमोली बहुगुणी.
942 _cBOOK
999 _c1306916
_d1306913